1929 1026 1960 1540 1791 1806 1835 1900 1025 1399 1203 1423 1689 1904 1696 1923 1553 1410 1313 1701 1417 1789 1350 1476 1821 1492 1903 1787 1988 1211 1122 1309 1082 1187 1670 1500 1395 1337 1977 1120 1689 1822 1527 1181 1299 1198 1526 1096 1226 1004 1172 1983 1793 1311 1133 1567 1043 1413 1997 1085 1987 1718 1791 1121 1099 1914 1631 1838 1216 1192 1581 1171 1147 1196 1179 1440 1565 1679 1974 1374 1927 1344 1183 1980 1331 1750 1931 1538 1506 1222 1015 1851 1822 1937 1329 1869 1597 1812 1394 BCNSPRNW ULIB Ver.6.0+V

เปลี่ยนเป็นภาษาไทย

Change to English
 แสดงรายละเอียดบรรณานุกรม
  กลับหน้าหลัก

Brief Record : Get Marc (ISO 2709) : E-mail record : QR code < ปิดหน้าต่าง
LEADER : 00000nam 2200000uu 4500
001    13399126602
003     ULIB
008    190118s2558||||th 000 0 tha d
020    ^a9789749942314
050  0 ^aPE428.0076^bส181จ
110 2  ^aสถาบันภาษา จุฬาลงกรณ์มหาวิทยาลัย
245 10 ^aChulalongkorn university test of english proficiency (CU-TEP) practice test /^cสถาบันภาษา จุฬาลงกรณ์มหาวิทยาลัย
250    ^aพิมพ์ครั้งที่ 13
260    ^aกรุงเทพฯ :^bสถาบันภาษา จุฬาลงกรณ์มหาวิทยาลัย,^c2558
300    ^a231 หน้า ;^c30 ซม.+ ซีดี-รอม 1 แผ่น
650  4 ^aภาษาอังกฤษ^xการใช้ภาษา
650  4 ^aภาษาอังกฤษ^xข้อสอบและเฉลย
945    ^p250^l0^i004802
945    ^p250^l0^i004801
999    ^aประนอม เกษจรัล
รายการนี้ยังไม่มีแท็ก
คุณยังไม่ได้ล็อกอิน คุณสามารถมีกิจกรรมร่วมกับเว็บไซต์ได้ แต่ต้องล็อกอินก่อน ::
  ล็อกอิน

รายการสื่อสารสนเทศ

ลำดับที่ ประเภท เลขเรียก/บาร์โค้ด สถานที่ สถานะ
1. การศึกษาทั่วไป
หนังสือสำรอง
สถานะ=หนังสือสำรอง
PE428.0076 ส181จ ฉ.1 
  Barcode: 004801
ห้องสมุดวิทยาเขตสวรรค์ประชารักษ์
►หนังสือทั่วไป
ถูกยืม กำหนดส่งวันที่ 19 พฤศจิกายน 2567
  จอง
2. การศึกษาทั่วไป
การศึกษาทั่วไป
PE428.0076 ส181จ ฉ.2 
  Barcode: 004802
ห้องสมุดวิทยาเขตสวรรค์ประชารักษ์
►หนังสือทั่วไป
บนชั้น

รายการใกล้เคียง
    หัวเรื่อง [ภาษาอังกฤษ การใช้ภาษา]

BibComment


ยังไม่เคยถูกคอมเมนท์

คอมเมนท์ทรัพยากรรายการนี้
  คอมเมนท์: Chulalongkorn un..


 Copyright 2026. Bcnsprnw @Library